000 01487cab a2200373 4500
001 ABS51868
008 090401t1994 xxu||||| |||| 00| 0 eng d
035 _a(Sirsi) u47869
041 _aeng
245 _aRoyal Commission slams the brakes on `unsustainable` transport policy
260 _c1994
350 _a0
490 _aENDS Report
_v(237) October 1994, 14-18(5)
520 _aComments on the main objectives set by the Royal Commission on Environmental Pollution in its recent report: integrated land use and transport policies, improved air quality and quality of life, reduction in carbon dioxide emissions and noise nuisance from traffic, reduction in use of non-renewable materials for infrastructure and vehicle industry and encouragement of less damaging modes of transport.
650 _aAIR QUALITY
650 _aAIR TRAVEL
650 _aCARBON DIOXIDE EMISSIONS
650 _aINTEGRATED LAND USE POLICY
650 _aLand use
_96251
650 _aNOISE
650 _aPLANNING POLICY
650 _aPOLLUTION
650 _aPUBLIC TRANSPORT
650 _aROADBUILDING
650 _aROADS PROGRAMME
650 _aPROPERTY-INFRASTRUCTURE-TRANSPORT INFRASTRUCTURE-ROAD INFRASTRUCTURE
650 _aROYAL COMMISSION ON ENVIRONMENTAL POLLUTION
650 _aSUSTAINABLE DEVELOPMENT
650 _aTRANSPORT POLICY
690 _aENVIRONMENTAL AND LAND CONSULTANCY
690 _aTRANSPORT AND COMMUNICATIONS
942 _n0
948 _c04/03/1997
999 _c30122
_d30122